| 000 | 01235nmm a2200349 a 4500 | ||
|---|---|---|---|
| 003 | AR-BaBNM | ||
| 005 | 20251128205042.0 | ||
| 008 | 148019s1993 ||||||||||||||000 | spa|| | ||
| 040 | _cAR-BaBNM | ||
| 100 | 1 |
_aCuccorese, Horacio Juan _d1921- |
|
| 245 | 1 | 0 |
_aSan Martín _bcatolicismo y masonería : Precisiones históricas a la luz de documentos y testimonios analizados con espíritu crítico |
| 260 |
_aRosario _bInstituto Nacional Sanmartiniano _bFundación Mater Dei _c1993 |
||
| 300 | 0 | _a160 p. | |
| 500 | 0 | _aFuentes: p. 147 | |
| 500 | 1 | _aLa obra constituye un detallado análisis histórico, de tendencia y matriz católica, acerca de la polémica sobre el carácter masónico o no masónico de la persona y la obra del Libertador | |
| 504 | _aBibliografía: p. 148-160 | ||
| 600 | 1 | 4 | _aSan Martín, José de |
| 600 | 1 | 4 | _aBilbao, Francisco |
| 600 | 1 | 4 | _aPeyret, Alejo |
| 600 | 1 | 4 |
_aSarmiento, Domingo Faustino _d1868-1874 |
| 610 | 2 | 4 | _aLogia Lautaro |
| 650 | 4 | _aHISTORIA | |
| 650 | 4 | _aGUERRAS DE LA INDEPENDENCIA | |
| 650 | 4 | _aCATOLICISMO | |
| 650 | 4 | _aFRANCMASONERIA | |
| 650 | 4 | _aSOCIEDADES SECRETAS | |
| 651 | 4 | _aPerú | |
| 651 | 4 | _aChile | |
| 651 | 4 | _aArgentina | |
| 942 | _cBK | ||
| 998 | _cMariana | ||
| 999 |
_c9792 _d9792 |
||